Responses for Show #2437 - Tuesday, March 21, 1995

Contestants

Art Vespignani, a compliance officer from Lake Hiawatha, New Jersey

Joanne Humphreville, a librarian from Chicago, Illinois

Alex McNeil, a court administrator from Newton, Massachusetts (whose 1-day cash winnings total $9,000)

[next game >>]

Jeopardy! Round responses

U.S. STATES
SUPERHEROES
1919
ANIMALS' OTHER NAMES
HOLIDAYS & OBSERVANCES
NUMBER, PLEASE
    $100 5
Rhode Island

Joanne
    $100 26
Spider-Man

Art
    $100 10
Goodyear

Art
    $100 15
a koala bear

Joanne
    $100 18
February

Alex
    $100 1
40

Joanne
    $200 6
Mississippi

Art
    $200 27
Batman

Alex
    $200 11
Woodrow Wilson

Art
    $200 17
ounce

Alex
    $200 22
the Second World War

Art
    $200 2
2

Joanne
    $300 7
Wyoming

Joanne
    $300 28
Mighty Mouse

Joanne
    $300 12
Geneva, Switzerland

Art
    $300 19
the coyote

Alex
    $300 23
Memorial Day

Alex
    $300 3
7

Art
    $400 8
Washington

Alex
    $400 29
the Incredible Hulk

Alex
    $400 13
(Andrew) Carnegie

Joanne
    $400 20
(Joanne: What are Jerseys?)

Herefords

AlexJoanne
    $400 24
(Joanne: What is Thanksgiving?)
...
(Alex Trebek: Same as in the United States.)

Labor Day

AlexJoanne
    $400 4
(Alex Trebek: At the base of the pyramid, [*].)

1776

Triple Stumper
    $500 9
West Virginia

Art
    $500 30
(Alex Trebek: I remember it from radio days.)

The Green Hornet

Alex
    $500 14
Pierre Auguste Renoir

Triple Stumper
    $500 21
the dragonfly

Alex
    $500 25
Ramadan

Joanne
    $500 16
0

Alex

Scores at the first commercial break (after clue 15):

Alex Joanne Art
$400 $1,200 $1,600

Scores at the end of the Jeopardy! Round:

Alex Joanne Art
$4,200 $1,200 $1,900

Double Jeopardy! Round responses

WORLD HISTORY
COOKING
SCIENCE & TECHNOLOGY
LANGUAGES
BOOKS & AUTHORS
POTPOURRI
    $200 3
Solidarity

Joanne
    $200 26
rice

Art
    $200 15
the telephone

Alex
    $200 12
French

Joanne
    $200 1
(John) Grisham

Alex
    $200 2
(Joanne: Who is St. Andrew?)

St. George

JoanneArt
    $400 6
Anne Boleyn

Joanne
    $400 27
(Alex McNeil: What is a griddle?)

a cookie sheet

Alex
Triple Stumper
    $400 16
a ruby

Alex
    $400 20
Dutch

Alex
    $400 4
(Peter) Benchley

Alex
    $400 5
the Titanic

Art
    $2,000 9
the Mekong River

Art
    $600 28
(Art: What is you fry them?)
(Alex Trebek: Be more specific.)

deep fry them

Art
    $600 17
transistors

Alex
    $600 21
the Romance languages

Art
    $600 7
Doctorow

Alex
    $600 8
children

Art
    $800 10
Sweden

Art
    $800 29
(Alex: Trebek: If you read a lot recipes, you'll find that [*] is mentioned quite often.)

folding

Triple Stumper
    $800 18
pumps

Triple Stumper
    $3,000 22
Greek

Art
    $800 13
Isaac Asimov

Triple Stumper
    $800 24
redlining

Joanne
    $1000 11
Manchukuo

Art
    $1000 30
brown sugar

Triple Stumper
    $1000 19
tungsten

Alex
    $1000 23
Cyrillic

Alex
    $1000 14
(Albert) Camus

Alex
    $1000 25
Haydn

Triple Stumper

Scores at the end of the Double Jeopardy! Round:

Alex Joanne Art
$9,600 $2,600 $11,300

[wagering suggestions for these scores]

Final Jeopardy! Round responses

OPERA
JoanneWhat is Barber of Seville
$1,000
AlexWhat is The Bartered Bride?
$1,701
ArtWhat is The Bartered Bride
$8,000
The Bartered Bride

Final scores:

Alex Joanne Art
$11,301 $1,600 $19,300
2nd place: General Instrument satellite TV system + Curtis Mathes 32" home theater monitor/receiver + the Jeopardy! home game 3rd place: Ross Simons 14-karat gold bracelet studded with 5 bezel-set diamonds + the Jeopardy! home game New champion: $19,300

Game dynamics:

Coryat scores:

Alex Joanne Art
$9,600 $2,600 $7,700
22 R
(including 1 DD),
1 W
12 R,
3 W
18 R
(including 2 DDs),
0 W

Combined Coryat: $19,900

[game clues] [game scores] [suggest correction]

Game tape date: 1994-12-06
The J! Archive is created by fans, for fans. Scraping, republication, monetization, and malicious use prohibited; this site may use cookies and collect identifying information. See terms. The Jeopardy! game show and all elements thereof, including but not limited to copyright and trademark thereto, are the property of Jeopardy Productions, Inc. and are protected under law. This website is not affiliated with, sponsored by, or operated by Jeopardy Productions, Inc. Join the discussion at JBoard.tv.